Teknologi binaan untuk negara membangun (Record no. 86276)

MARC details
000 -LEADER
fixed length control field 00737nam a2200253 i 4500
001 - CONTROL NUMBER
control field C2-0279661
003 - CONTROL NUMBER IDENTIFIER
control field PPAK
005 - DATE AND TIME OF LATEST TRANSACTION
control field 20180728010816.0
008 - FIXED-LENGTH DATA ELEMENTS--GENERAL INFORMATION
fixed length control field 070508s2006 my |||| ||||| | may d
020 ## - INTERNATIONAL STANDARD BOOK NUMBER
International Standard Book Number 9838613142
040 ## - CATALOGING SOURCE
Original cataloging agency PPAK
Language of cataloging eng
Transcribing agency PPAK
Description conventions rda
082 04 - DEWEY DECIMAL CLASSIFICATION NUMBER
Classification number 624.1091724
Edition number 23
090 00 - LOCALLY ASSIGNED LC-TYPE CALL NUMBER (OCLC); LOCAL CALL NUMBER (RLIN)
Classification number (OCLC) (R) ; Classification number, CALL (RLIN) (NR) 624.1091724
Feature heading MAH
Feature heading R
100 0# - MAIN ENTRY--PERSONAL NAME
Personal name Mahyuddin Ramli,
Relator term author
245 10 - TITLE STATEMENT
Title Teknologi binaan untuk negara membangun
264 #1 - PRODUCTION, PUBLICATION, DISTRIBUTION, MANUFACTURE, AND COPYRIGHT NOTICE
Place of production, publication, distribution, manufacture Pulau Pinang :
Name of producer, publisher, distributor, manufacturer Penerbit Universiti Sains Malaysia ,
Date of production, publication, distribution, manufacture, or copyright notice 2006
300 ## - PHYSICAL DESCRIPTION
Extent vi, 210 pages ;
Dimensions 24 cm
336 ## - CONTENT TYPE
Source rdacontent
Content type term text
337 ## - MEDIA TYPE
Source rdamedia
Media type term unmediated
338 ## - CARRIER TYPE
Source rdacarrier
Carrier type term volume
650 10 - SUBJECT ADDED ENTRY--TOPICAL TERM
Topical term or geographic name entry element Structural engineering - Developing countries.
700 ## - ADDED ENTRY--PERSONAL NAME
Relator term author
942 ## - ADDED ENTRY ELEMENTS (KOHA)
-- dc
Koha item type Book
Holdings
Withdrawn Not for loan Current library Shelving location Date acquired Full call number Barcode Date last seen Koha item type
  Not For Loan Perpustakaan Alor Setar Rujukan Dewasa 08/05/2007 R 624.1091724 MAH A00812685 09/05/2018 Book
  Not For Loan Perpustakaan Awam Sungai Petani Rujukan Dewasa 04/10/2007 R 624.1091724 MAH A01202480 09/05/2018 Book
  Not For Loan Perpustakaan Baling Rujukan Dewasa 04/10/2007 R 624.1091724 MAH A01202486 09/05/2018 Book
  Not For Loan Perpustakaan Baling Rujukan Dewasa 04/10/2007 R 624.1091724 MAH A01202489 09/05/2018 Book
  Not For Loan Perpustakaan Bandar Baharu Rujukan Dewasa 04/10/2007 R 624.1091724 MAH A01202487 09/05/2018 Book
  Not For Loan Perpustakaan Jitra Rujukan Dewasa 04/10/2007 R 624.1091724 MAH A01202481 09/05/2018 Book
  Not For Loan Perpustakaan Kuala Nerang Rujukan Dewasa 04/10/2007 R 624.1091724 MAH A01202488 09/05/2018 Book
  Not For Loan Perpustakaan Kulim Rujukan Dewasa 04/10/2007 R 624.1091724 MAH A01202483 09/05/2018 Book
  Not For Loan Perpustakaan Langkawi Rujukan Dewasa 04/10/2007 R 624.1091724 MAH A01202482 09/05/2018 Book
  Not For Loan Perpustakaan Sik Rujukan Dewasa 04/10/2007 R 624.1091724 MAH A01202485 09/05/2018 Book
  Not For Loan Perpustakaan Yan Rujukan Dewasa 04/10/2007 R 624.1091724 MAH A01202484 09/05/2018 Book